Vers une philosophie de l'amour et de la personne
Uloženo v:
| Hlavní autor: | |
|---|---|
| Médium: | Kniha |
| Jazyk: | francouzština |
| Vydáno: |
París
Montaigne
1957
|
| Edice: | Philosophie de l'esprit
|
| Témata: | |
| Tagy: |
Přidat tag
Žádné tagy, Buďte první, kdo vytvoří štítek k tomuto záznamu!
|
MARC
| LEADER | 00000nam a2200000 a 4500 | ||
|---|---|---|---|
| 001 | UCY6340 | ||
| 003 | CL-VaPUC | ||
| 008 | 950526e19570000FR |||||||||||||||||fre|d | ||
| 082 | 0 | 4 | |a 128.4 |b NED |2 21 |
| 100 | |a Nédoncelle, Maurice |e auteur |9 336214 | ||
| 245 | 1 | 0 | |a Vers une philosophie de l'amour et de la personne |
| 300 | |a 272 p | ||
| 942 | |c BK | ||
| 945 | |d 19950526 00:00:00 |a mfernand | ||
| 260 | |a París |b Montaigne |c 1957 | ||
| 650 | 0 | |a Amor |9 257817 | |
| 650 | 0 | |a Emociones |9 265224 | |
| 650 | 0 | |a Relaciones interpersonales |9 307056 | |
| 650 | 0 | |a Filosofía del espíritu |9 320175 | |
| 650 | 7 | |a GENTE |2 CL-VaPUC |9 336215 | |
| 650 | 0 | |a Personalidad |9 307255 | |
| 650 | 0 | |a Atracción interpersonal |9 334940 | |
| 583 | |a last modification |c 19950526 00:00:00 |k Rodrigo Vera | ||
| 490 | 0 | |a Philosophie de l'esprit | |
| 999 | |c 233907 |d 233905 | ||
| 952 | |0 0 |1 0 |4 0 |6 128_400000000000000_NED_1957 |7 0 |8 P |9 239720 |a BIBEDU |b BIBEDU |c BIBEDU_PB |d 2019-11-18 |i 291672K |o 128.4 NED 1957 |p 291672K |r 2024-01-25 |w 2019-11-18 |y BK |k FIL | ||